Contratos mercantiles : (Registro nro. 20084)

Detalles MARC
000 -LEADER
fixed length control field 01823nam a2200337 4500
001 - CONTROL NUMBER
control field 0000023587
003 - CONTROL NUMBER IDENTIFIER
control field CO-CtgCURN
005 - DATE AND TIME OF LATEST TRANSACTION
control field 20250331184442.0
007 - PHYSICAL DESCRIPTION FIXED FIELD--GENERAL INFORMATION
fixed length control field ta
008 - FIXED-LENGTH DATA ELEMENTS--GENERAL INFORMATION
fixed length control field 160627s2012 000 0 eng d
020 ## - INTERNATIONAL STANDARD BOOK NUMBER
International Standard Book Number 9789586539715
040 ## - CATALOGING SOURCE
Original cataloging agency CO-CtgCURN
Language of cataloging spa
Transcribing agency coctgcurn
082 0# - DEWEY DECIMAL CLASSIFICATION NUMBER
Classification number 346.022
Item number A779
100 1# - MAIN ENTRY--PERSONAL NAME
Personal name Arrubla Paucar, Jaime Alberto.
245 10 - TITLE STATEMENT
Title Contratos mercantiles :
Remainder of title teoria general del negocio mercantil /
Statement of responsibility, etc. Jaime Alberto Arrubla Paucar.
250 ## - EDITION STATEMENT
Edition statement 13a ed.
260 ## - PUBLICATION, DISTRIBUTION, ETC.
Place of publication, distribution, etc. Bogotá :
Name of publisher, distributor, etc. Legis,
Date of publication, distribution, etc. 2012.
300 ## - PHYSICAL DESCRIPTION
Extent xvii; 512 p.
336 ## - CONTENT TYPE
Source rdacontent
337 ## - MEDIA TYPE
Source rdamedia
Media type term sin mediacion
Media type code n
338 ## - CARRIER TYPE
Source rdacarrier
Carrier type term volumen
Carrier type code nc
500 ## - GENERAL NOTE
General note Pontificia Universidad Javeriana, Facultad de Ciencias Juridicas - Caratula \ Incluye indice \ Edicion actualizada.
504 ## - BIBLIOGRAPHY, ETC. NOTE
Bibliography, etc. note Incluye indice bibliografico.
505 8# - FORMATTED CONTENTS NOTE
Formatted contents note La autonomia de la voluntad y el derecho comercial -- Teoria de las obligaciones -- El abuso de la personalidad juridica -- Teoria general del contrato -- La responsabilidad precontractual -- Contratos mercantiles con arras -- Contratos mercantiles con clausula penal -- Clausula de imprevision contractua -- La representacion voluntaria -- Intereses comerciales en Colombia -- Cesion de posicion contractual -- Sancion del negocio juridico mercantil -- La interpretacion del contrato -- La responsabilidad civil contractual o extracontractual -- Tendencias de la responsabilidad contractual -- Responsabilidad de los administradores
650 14 - SUBJECT ADDED ENTRY--TOPICAL TERM
Topical term or geographic name entry element Contratos comerciales
Geographic subdivision Colombia.
908 ## - PUT COMMAND PARAMETER (RLIN)
Put command parameter 160627
942 ## - ADDED ENTRY ELEMENTS (KOHA)
Koha item type Libros
Classification part 346.022
Item part A779
Source of classification or shelving scheme Dewey Decimal Classification
Existencias
Withdrawn status Lost status Source of classification or shelving scheme Damaged status Not for loan Collection Home library Current library Shelving location Date acquired Inventory number Total checkouts Full call number Barcode Date last seen Copy number Price effective from Koha item type Public note
    Dewey Decimal Classification     General Miguel Henríquez Castañeda Miguel Henríquez Castañeda General 03/31/2025 016516   346.022 A779 016516 03/31/2025 ej.1 03/31/2025 Libros 340-DEREC
    Dewey Decimal Classification     General Miguel Henríquez Castañeda Miguel Henríquez Castañeda General 03/31/2025 017342   346.022 A779 017342 03/31/2025 ej.2 03/31/2025 Libros 340-DEREC
    Dewey Decimal Classification     General Miguel Henríquez Castañeda Miguel Henríquez Castañeda General 03/31/2025 017343   346.022 A779 017343 03/31/2025 ej.3 03/31/2025 Libros 340-DEREC